Leadership and the rise of great powers / (Record no. 3569)
[ view plain ]
| 000 -LEADER | |
|---|---|
| fixed length control field | 02646cam a2200313 i 4500 |
| 008 - FIXED-LENGTH DATA ELEMENTS--GENERAL INFORMATION | |
| fixed length control field | 180912t20192019njua b 001 0 eng d |
| 020 ## - INTERNATIONAL STANDARD BOOK NUMBER | |
| ISBN | 0691190089 |
| 020 ## - INTERNATIONAL STANDARD BOOK NUMBER | |
| ISBN | 9780691190082 |
| 100 1# - MAIN ENTRY--AUTHOR | |
| Author | Yan, Xuetong, |
| 245 10 - TITLE STATEMENT | |
| Title | Leadership and the rise of great powers / |
| Statement of responsibility, etc | Yan Xuetong. |
| 260 ## - PUBLICATION, DISTRIBUTION, ETC. (IMPRINT) | |
| Place of publication | New Jersey |
| Name of publisher | Princeton |
| Date of publication | 2019 |
| 300 ## - COLLATION | |
| Pagination | xvi, 260 pages : |
| Other physical details | illustrations ; |
| 520 ## - SUMMARY, ETC. | |
| Summary, etc | While work in international relations has closely examined the decline of great powers, not much attention has been paid to the question of their rise. The upward trajectory of China is a particularly puzzling case. How has it grown increasingly important in the world arena while lagging behind the United States and its allies across certain sectors? Borrowing ideas of political determinism from ancient Chinese philosophers, Leadership and the Rise of Great Powers explains China's expanding influence by presenting a moral-realist theory that attributes the rise and fall of nations to political leadership. Yan Xuetong shows that the stronger a rising state's political leadership, the more likely it is to displace a prevailing state in the international system. Yan defines political leadership through the lens of morality, specifically the ability of a government to fulfill its domestic responsibility and maintain international strategic credibility. Examining leadership at the personal, national, and international levels, Yan shows how rising states like China transform the international order by reshaping power distribution and norms. Yan also considers the reasons for America's diminishing international stature even as its economy, education system, military, political institutions, and technology hold steady. The polarization of China and the United States will not result in another Cold War scenario, but their mutual distrust will ultimately drive the world center from Europe to East Asia. Using the lens of classical Chinese political theory, Leadership and the Rise of Great Powers offers a provocative, alternative perspective on the changing dominance of nations on the global stage. -- |
| 650 #7 - TRACINGS | |
| Main Subject | China |
| Subdivision (2nd) | Foreign Relations |
| -- | 21st Century |
| 650 #7 - TRACINGS | |
| Main Subject | Politics and Goverment |
| Subdivision (2nd) | 21st Century |
| -- | General. |
| 650 #7 - TRACINGS | |
| Main Subject | POLITICAL SCIENCE |
| Subdivision (2nd) | History & Theory. |
| 650 #7 - TRACINGS | |
| Main Subject | Diplomatic relations. |
| 650 #7 - TRACINGS | |
| Main Subject | Politics and government. |
| 650 #7 - TRACINGS | |
| Main Subject | Grossmacht |
| 650 #7 - TRACINGS | |
| Main Subject | Grossmachtpolitik |
| 650 #7 - TRACINGS | |
| Main Subject | Politische Führung |
| 650 #7 - TRACINGS | |
| Main Subject | Weltordnung |
| 650 #7 - TRACINGS | |
| Main Subject | China. |
| 650 #7 - TRACINGS | |
| Main Subject | International relations theory. |
| 650 #7 - TRACINGS | |
| Main Subject | Hegemony. |
| 942 ## - ADDED ENTRY ELEMENTS (KOHA) | |
| Item type | Books |
| 050 00 - LIBRARY OF CONGRESS CALL NUMBER | |
| Classification number | DS779.47 |
| Item number | .Y36 2019 |
| 082 04 - DEWEY DECIMAL CLASSIFICATION NUMBER | |
| Classification number | 327.51 |
| Source of classification or shelving scheme | Not for loan | Permanent location | Current location | Date acquired | Accession No. | Full call number | Barcode. | Koha item type |
|---|---|---|---|---|---|---|---|---|
| Library of Congress Classification | Samuel Ogbemudia Main Library, University of Abuja | Samuel Ogbemudia Main Library, University of Abuja | 05/20/2025 | 2024/63994 | DS779.47.Y36 2019 | 2025-2040 | Books |